मर्मभेद (Record no. 334087)

MARC details
000 -LEADER
fixed length control field 00493nam a2200169Ia 4500
008 - FIXED-LENGTH DATA ELEMENTS--GENERAL INFORMATION
fixed length control field 090711s9999 xx 000 0 und d
082 ## - DEWEY DECIMAL CLASSIFICATION NUMBER
Item number 1228
100 ## - MAIN ENTRY--PERSONAL NAME
Personal name सावंत हेमंत
245 ## - TITLE STATEMENT
Title मर्मभेद
260 ## - PUBLICATION, DISTRIBUTION, ETC. (IMPRINT)
Name of publisher, distributor, etc मनोरमा प्रकाशन
Date of publication, distribution, etc 1998
300 ## - PHYSICAL DESCRIPTION
Extent 512
600 ## - SUBJECT ADDED ENTRY--PERSONAL NAME
Personal name सावंत हेमंत
630 ## - SUBJECT ADDED ENTRY--UNIFORM TITLE
Uniform title मर्मभेद
700 ## - ADDED ENTRY--PERSONAL NAME
Personal name सावंत हेमंत
730 ## - ADDED ENTRY--UNIFORM TITLE
Uniform title मर्मभेद
942 ## - ADDED ENTRY ELEMENTS (KOHA)
Koha item type Book

No items available.